ბათუმის შოთა რუსთაველის სახელმწიფო უნივერსიტეტის ბიბლიოთეკა

გათბობა და ვენტილაცია ნაწ.1 გათბობა : (ბიბ.ჩანაწერი № 39599)

000 -ლიდერი
ფიქსირებული სიგრძის საკონტროლო ველი 00875nam a2200229Ia 4500
001 - საკონტროლო ნომერი
საკონტროლო ველი 6199
003 - საკონტროლო ნომრის იდენტიფიკატორი
საკონტროლო ველი GE_BSU
005 - ბოლო ოპერაციის თარიღი და დრო
საკონტროლო ველი 20190507121235.0
008 - ფიქსირებული სიგრძის მონაცემთა ელემენტები - ზოგადი ინფორმაცია
ფიქსირებული სიგრძის საკონტროლო ველი 181216s1967||||ge |||||||||||||| ||geo||
040 ## - კატალოგიზაციის წყარო
Transcribing agency GE_BSU
041 ## - ენის კოდი
Language code of text/sound track or separate title geo
080 ## - უნივერსალური ათობითი კლასიფიკაციის ინდექსი
Universal Decimal Classification number 697(075.8) დ-23
100 ## - მთავარი ჩანაწერი - პიროვნების სახელი
Personal name დარჩია, გ.
9 (RLIN) 667
245 ## - ცნობა სათაურის შესახებ
Title გათბობა და ვენტილაცია ნაწ.1 გათბობა :
Remainder of title სახელმძღვ. /
Statement of responsibility, etc გ. დარჩია ; რედ. ი.გოგუაძე.
260 ## - გამოქვეყნების, გავრცელების, და სხვა. ცნობები
Place of publication, distribution, etc თბ.
260 ## - გამოქვეყნების, გავრცელების, და სხვა. ცნობები
Name of publisher, distributor, etc განათლება.
260 ## - გამოქვეყნების, გავრცელების, და სხვა. ცნობები
Date of publication, distribution, etc 1967.
300 ## - ფიზიკური აღწერა
Extent 378 გვ. :
Other physical details ილ. ;
Dimensions 27 სმ.
Accompanying material დანართები : გვ.351-374.
653 ## - INDEX TERM--UNCONTROLLED
Uncontrolled term გათბობა და ვენტილაცია
700 ## - ADDED ENTRY--PERSONAL NAME
Personal name გოგუაძე, ი.
Relator term რედაქტორი
9 (RLIN) 498
942 ## - ADDED ENTRY ELEMENTS (KOHA)
Koha item type წიგნი
Source of classification or shelving scheme
ეგზემპლარები
ჩამოწერის სტატუსი დაკარგული ეგზემპლარის სტატუსი კლასიფიკაციის წყარო ან თაროზე გაწყობის სქემა დაზიანების სტატუსი არ გაიცემა მუდმივი მდებარეობა (დაცვის ადგილი) ამჟამინდელი ადგილსამყოფელი თაროზე განთავსების ადგილი შეძენის თარიღი ღირებულება, შესყიდვის ნორმალური ფასი სრული შენახვის შიფრი შტრიხკოდი ბოლო ოპერაციის თარიღი ეგზემპლარის მიმდევრობითი ნომერი (კეტერი?) ფასის ძალაში შესვლის თარიღი ეგზემპლარის სახეობა საჯარო შენიშვნა
          ტექნოლოგიური ფაკულტეტის ბიბლიოთეკა ტექნოლოგიური ფაკულტეტის ბიბლიოთეკა წიგნსაცავი 2018-12-17 2.86 697(075.8) დ-23 11775 2018-12-17 11775 2018-12-17 წიგნი 2.86 ლ.
          ტექნოლოგიური ფაკულტეტის ბიბლიოთეკა ტექნოლოგიური ფაკულტეტის ბიბლიოთეკა წიგნსაცავი 2018-12-17 2.86 697(075.8) დ-23 11776 2018-12-17 11776 2018-12-17 წიგნი 2.86 ლ.
          ტექნოლოგიური ფაკულტეტის ბიბლიოთეკა ტექნოლოგიური ფაკულტეტის ბიბლიოთეკა წიგნსაცავი 2018-12-17 2.86 697(075.8) დ-23 11777 2018-12-17 11777 2018-12-17 წიგნი 2.86 ლ.
          ტექნოლოგიური ფაკულტეტის ბიბლიოთეკა ტექნოლოგიური ფაკულტეტის ბიბლიოთეკა წიგნსაცავი 2018-12-17 2.86 697(075.8) დ-23 11778 2018-12-17 11778 2018-12-17 წიგნი 2.86 ლ.